| 000 | 01265nam0a2200325 4500 | ||
|---|---|---|---|
| 001 | RU\NLR\bibl\19410 | ||
| 005 | 20250615014403.0 | ||
| 010 |
_a5-04-002254-9 _910500 |
||
| 021 |
_aRU _b99-2546 _9120 |
||
| 035 | _a(NLR Aleph) 000018920 | ||
| 090 |
_a84159 _c84159 |
||
| 100 | _a19990401d1999 |||y0rusy50 ca | ||
| 101 | 1 |
_arus _ceng |
|
| 102 | _aRU | ||
| 105 | _ay ||||||||| | ||
| 200 | 1 |
_aКлеопатра _e[Роман] _fНоэль Герсон _g[Пер. с англ. О. Степашкиной] |
|
| 210 |
_aМ. _cЭКСМО-Пресс _d1999 |
||
| 215 |
_a477 с. _d21 |
||
| 225 | 1 |
_aЖенщина-легенда _fСост. С. Смирнов, В. Мартов |
|
| 600 | 0 |
_aКлеопатра _f69 - 30 до н.э. _xв художественной литературе _91359855 _3RU\NLR\auth\66568783 |
|
| 600 | 0 |
_aКлеопатра _cцарица египетская _f69 - 30 до н.э. _xв художественной литературе _92098515 _3RU\NLR\auth\661269454 |
|
| 686 | _aШ6(7США)67-442 | ||
| 700 | 1 |
_aГерсон _bН. _f1914- _gНоэль _4070 |
|
| 801 | 0 |
_aRU _bNLR _c19990401 _gPSBO |
|
| 801 | 1 |
_aRU _bNLR _c19990401 |
|
| 852 |
_aNLR _j99-3/769 |
||
| 942 | _cBOOK | ||
| 980 | _aNB | ||